00000000nam 2200000zi 4500
0019.889246
003CaOODSP
00520240221155202
006m     o  d f      
007cr cn|||||||||
008200713s2020    onca    o    f000 0 eng d
040 |aCaOODSP|beng|erda|cCaOODSP
043 |an-cn---
0861 |aD97-1/00-060-2020E-PDF
24500|aWebsite defacement.
264 1|a[Ottawa] : |bCommunications Security Establishment = Centre de la sécurité des telecommunications, |c2020.
300 |a1 online resource (2 unnumbered pages).
336 |atext|btxt|2rdacontent
337 |acomputer|bc|2rdamedia
338 |aonline resource|bcr|2rdacarrier
4901 |aAwareness series ; |vITSAP.00.060
500 |aIssued also in French under title: Défiguration de site Web.
500 |a"Canadian Centre for Cyber Security."
500 |a"Unclassified."
500 |a"May 2020."
500 |aIssued also in HTML format.
520 |a"This document introduces website defacement, which is a form of cyber attack on your website. Think of web defacement as virtual graffiti or vandalism. A hacker defaces a website by changing its appearance or content. Threat actors may be motivated to deface a website for various reasons, ranging from attempting to embarrass website owners or promoting alternative views. In some cases, a threat actor may deface a website by injecting malicious code that infects visitors' devices. Read through this document to learn how to protect your website against this type of attack."
650 0|aWeb sites|xSecurity measures|zCanada.
650 0|aHacking|zCanada|xPrevention.
650 0|aComputer security|zCanada.
7102 |aCommunications Security Establishment (Canada), |eissuing body.
7102 |aCanadian Centre for Cyber Security, |eissuing body.
77508|tDéfiguration de site Web.|w(CaOODSP)9.889248
794 |tWebsite defacement.|w(CaOODSP)9.934301
830#0|aAwareness series (Communications Security Establishment (Canada))|vITSAP.00.060.|w(CaOODSP)9.842810
85640|qPDF|s329 KB|uhttps://publications.gc.ca/collections/collection_2020/cstc-csec/D97-1-00-060-2020-eng.pdf
8564 |qHTML|sN/A|uhttps://cyber.gc.ca/en/guidance/website-defacement-itsap00060